Closest Capital Cities To New Delhi - Statistics

General Stats
  • This quiz has been taken 48 times
  • The average score is 8 of 10
Answer Stats
Km Answer % Correct
690 Islamabad
95%
802 Kathmandu
93%
1422 Dhaka
91%
1006 Kabul
91%
1227 Thimphu
86%
1587 Tashkent
68%
1605 Bishkek
66%
2036 Ashgabat
59%
1353 Dushanbe
57%
1959 Muscat
43%
No matching quizzes found
Score Distribution
Percent of People with Each Score
Percentile by Number Answered
Your Score History
You have not taken this quiz